| 000 | 00708nam a2200229 a 4500 | ||
|---|---|---|---|
| 001 | BRCA_4510 | ||
| 005 | 20190320204710.0 | ||
| 008 | 200910s1973----mx-#######---#000-0#spa-# | ||
| 041 | _aspa | ||
| 044 | _amx | ||
| 050 | 4 |
_aF1234 _b.G66 1973 |
|
| 100 | 1 |
_aGómez Morin, Manuel _98127 |
|
| 245 | 1 | 0 |
_a1915 [i.e. Mil novecientos quince] y otros ensayos _cManuel Gómez Morin ; prólogo por Miguel Estrada Iturbide. |
| 260 |
_aMéxico _bJus _c1973 |
||
| 300 |
_a134 p. _c24 cm. |
||
| 500 | _aCFG23 | ||
| 651 | 4 |
_aMéxico _xHistoria _z1910-1946 _911425 |
|
| 651 | 4 |
_aMéxico _xPolítica y gobierno _z1910-1946 _911426 |
|
| 700 | 1 |
_aEstrada Iturbide, Miguel _eProloguista _911427 |
|
| 902 | _aGFM | ||
| 942 |
_2lcc _cB |
||
| 999 |
_c4216 _d4216 |
||